000 01314cam a22003614a 4500
001 14354626
005 20170105102846.0
008 060426s2006 enka b 001 0 eng
010 _a 2006046361
020 _a019530957X
020 _a9780195309577
020 _a9780195309577
035 _a(OCoLC)ocm68221587
035 _a(OCoLC)68221587
040 _aDLC
_cDLC
_dBAKER
_dC#P
_dYUS
_dVP@
_dBTCTA
_dYDXCP
_dIXA
_dDLC
042 _apcc
043 _ae-fr---
050 0 0 _aDC611.P964
_bG37 2006
082 0 0 _a944.9
_222
100 1 _aGarrett, Martin.
245 1 0 _aProvence :
_ba cultural history /
_cMartin Garrett.
260 _aOxford ;
_aNew York :
_bOxford University Press,
_c2006.
300 _axxx, 226 p. :
_bill. ;
_c22 cm.
440 0 _a[Landscapes of the imagination]
500 _aSeries from jacket.
504 _aIncludes bibliographical references (p. 213-214) and index.
651 0 _aProvence (France)
_xHistory.
651 0 _aProvence (France)
_xSocial life and customs.
856 4 2 _3Publisher description
_uhttp://www.loc.gov/catdir/enhancements/fy0724/2006046361-d.html
906 _a7
_bcbc
_corignew
_d1
_eocip
_f20
_gy-gencatlg
942 _2ddc
_cBK
999 _c14050
_d14050